• 首页
  • 本馆介绍
  • 公告通知
  • 最新文献
  • 馆藏检索
  • 电子资源
  • 读者导购
  • 参考咨询
  • 我的图书馆
  • 登录
  • 详细信息显示
  • 放入我的书架
  • 预约/预借图书
  • 作者相关作品
  • 分类相关作品
  • 丛书相关作品
  • 出版社相关作品

书目信息

  • 表格格式
  • 工作单格式
  • 卡片格式
题名:
英语自学课本
    
 
作者: 吴景荣 主编 ;马德麟 编
分册: 第二册  
出版信息: 北京   商务印书馆  1985
页数: 270页
开本: 20cm
丛书名:
单 册:
中图分类: H31
科图分类:
主题词: 英语--自学参考资料
电子资源:
ISBN:
000 00681nam0 2200253 45
001 0185013464
005 20040509111603.2
010    @dCNY1.60
091    @a9017.1460
100    @a19951031d1985 em y0chiy0121 ea
101 0  @achi
102    @aCN@b110000
105    @ay z 000yy
106    @ar
200 10 @a英语自学课本@h第二册@Aying yu zi xue ke ben@f吴景荣主编@g马德麟编
210    @a北京@c商务印书馆@d1985
215    @a270页@d20cm
606    @a英语@x自学参考资料
690    @aH31@v3
701  0 @a吴景荣@4主编@Awu jing rong
702  0 @a马德麟@4编@Ama de lin
801  0 @aCN@b深圳图书馆@c20040509
801  2 @aCN@bNLC@c20040509
905    @f4@b150826-829@dH31@e117:2
    
    英语自学课本.第二册/吴景荣主编/马德麟编.-北京:商务印书馆,1985
    270页;20cm
    
    
    ISBN :CNY1.60
    
●
相关链接 在E读中查询图书 在五车中查询图书 在当当中查询图书 在豆瓣中查询图书


正题名:英语自学课本     索取号:H31/117:2         预约/预借

序号 登录号 条形码 馆藏地/架位号 状态 备注
1 0150826   000927260   第四借阅区/ [索取号:H31/117:2] 在馆    
2 0150827   000927180   密集书库/ [索取号:H31/117:2] 在馆    
3 0150828   000927135   密集书库/ [索取号:H31/117:2] 在馆    
4 0150829   000927091   密集书库/ [索取号:H31/117:2] 在馆    
5 0150830   000927224   第二样本阅览室/ [索取号:H31/117:2] 在馆    
唐山师范学院图书馆 欢迎您!
大连网信软件有限公司© 版权所有